Quy hoạch mạng lưới đào tạo nghề tỉnh Cần Thơ đến năm 2010
Đã lưu trong:
| Hovedforfatter: | |
|---|---|
| Format: | Bog |
| Sprog: | Undetermined |
| Udgivet: |
Cần Thơ
Cần Thơ
2001
|
| Fag: | |
| Tags: |
Tilføj Tag
Ingen Tags, Vær først til at tagge denne postø!
|
| Thư viện lưu trữ: | Trung tâm Học liệu Trường Đại học Cần Thơ |
|---|
| LEADER | 00545nam a2200169Ia 4500 | ||
|---|---|---|---|
| 001 | CTU_52685 | ||
| 008 | 210402s9999 xx 000 0 und d | ||
| 082 | |a 371.425 | ||
| 082 | |b S460 | ||
| 100 | |a Sở KHCN và MT | ||
| 245 | 0 | |a Quy hoạch mạng lưới đào tạo nghề tỉnh Cần Thơ đến năm 2010 | |
| 245 | 0 | |c Sở KHCN và MT và Sở KHĐT | |
| 260 | |a Cần Thơ | ||
| 260 | |b Cần Thơ | ||
| 260 | |c 2001 | ||
| 650 | |a vocational guidance | ||
| 980 | |a Trung tâm Học liệu Trường Đại học Cần Thơ | ||